000 00681nam a2200217Ia 4500
005 20241129110059.0
008 241129s9999||||xx |||||||||||||| ||und||
020 _a978-1-032-60800-6
037 _aTB
040 _aARTS
_beng
_cARTS
041 _aeng
_2eng
084 _aW:(Y15).2 R3
_qARTS
100 _aRajput Pam Ed.; Thakkar Usha Ed.
_9727137
245 0 _aWomen in state politics in India: missing in the corridors of power
_cRajput Pam Ed.; Thakkar Usha Ed.
260 _aUK
_bRoutledge
_c2023
300 _axxiii,368p.
365 _aINR
_b1595
650 _aPolitical ScienceSociologyWomen
_9727138
942 _cTB
_hW:(Y15).2 R3
999 _c1227230
_d1227230